Career planning & networking /

Bibliographic Details
Main Author: White, Aggie
Other Authors: Bennett, Carole
Format: Book
Published: Cincinnati, OH: South-Western, [2001], c2002.
Subjects:
LEADER 00639cam a2200217 7i4500
001 0000011029
005 20151104090000.0
005 ##20151104112500.0
003 ##MY-KlINT
020 # # |a 0538724749  
039 # 9 |y 201511041125  |z VLOAD 
090 0 0 |a 331.702   |b WHI 
100 1 # |a White, Aggie 
245 1 0 |a Career planning & networking /   |c Aggie White. 
260 # # |a Cincinnati, OH:   |b South-Western,   |c [2001], c2002. 
300 # # |a xvi, 80p:   |b ill;   |c 24cm. 
500 # # |a Includes bibliographical references 
650 # 0 |a Career development  
650 # 0 |a Social networks  
700 0 # |a Bennett, Carole  
999 |a 0000060399  |b BOOK  |c Main Non-Fiction  |e INTAN BK